The church as evangelist. (Record no. 9067)

000 -LEADER
fixed length control field 00747nam a2200229 a 4500
001 - CONTROL NUMBER
control field :::00006848$&:&@@
003 - CONTROL NUMBER IDENTIFIER
control field OkBaRHE
005 - DATE AND TIME OF LATEST TRANSACTION
control field 20000607103333.0
008 - FIXED-LENGTH DATA ELEMENTS--GENERAL INFORMATION
fixed length control field s1978 j 000 0 eng u
020 ## - INTERNATIONAL STANDARD BOOK NUMBER
International Standard Book Number 0060677767
040 ## - CATALOGING SOURCE
Transcribing agency
100 1# - MAIN ENTRY--PERSONAL NAME
Personal name Sweazey, George Edgar, 1905-
245 14 - TITLE STATEMENT
Title The church as evangelist.
250 ## - EDITION STATEMENT
Edition statement 1st ed.
260 ## - PUBLICATION, DISTRIBUTION, ETC. (IMPRINT)
Place of publication, distribution, etc San Francisco, CA., :
Name of publisher, distributor, etc Harper & Row
Date of publication, distribution, etc c1978
300 ## - PHYSICAL DESCRIPTION
Extent xii, 255 p. ;
Dimensions 21 cm.
650 ## - SUBJECT ADDED ENTRY--TOPICAL TERM
Topical term or geographic name as entry element Evangelistic Work
650 ## - SUBJECT ADDED ENTRY--TOPICAL TERM
Topical term or geographic name as entry element Mission of the Church
942 ## - ADDED ENTRY ELEMENTS (KOHA)
Source of classification or shelving scheme
Koha item type Books
Copies
Koha item type Full call number Damaged status Barcode Source of classification or shelving scheme Date acquired Date last seen Not for loan Shelving location Price effective from Permanent Location Lost status Withdrawn status Copy number
BooksBV 601.8 .S86 6848 2010-04-142010-04-14 General Stacks2010-04-14RHEMA Bible Training College  1
BooksBV 601.8 .S86 15831 2010-04-142010-04-14 General Stacks2010-04-14RHEMA Bible Training College  2